| 000 | 01750cam a2200337 a 4500 | ||
|---|---|---|---|
| 999 |
_c1508 _d1508 |
||
| 001 | 15123089 | ||
| 003 | OSt | ||
| 005 | 20210628102101.0 | ||
| 008 | 071227s2008 caua b 001 0 eng | ||
| 010 | _a 2007052937 | ||
| 020 | _a9781412959148 (cloth) | ||
| 020 | _a1412959144 (cloth) | ||
| 020 | _a9781412959155 (pbk.) | ||
| 020 | _a1412959152 (pbk.) | ||
| 035 | _a(OCoLC)ocn185123536 | ||
| 035 | _a(OCoLC)185123536 | ||
| 040 |
_aDLC _cDLC _dBAKER _dBTCTA _dYDXCP _dC#P _dCDX _dDLC |
||
| 050 | 0 | 0 |
_aQ180.55 _b.I48R47 2008 |
| 082 | 0 | 0 |
_a001.4 _222 |
| 100 | 1 | _aRepko, Allen F. | |
| 245 | 1 | 0 |
_aInterdisciplinary research : _bprocess and theory / _cAllen F. Repko. |
| 260 |
_aLos Angeles : _bSAGE, _cc2008. |
||
| 300 |
_axx, 395 p. : _bill. ; _c26 cm. |
||
| 504 | _aIncludes bibliographical references (p. 355-370) and indexes. | ||
| 505 | 0 | _aDefining interdisciplinary studies -- Tracing the origin of interdisciplinary -- Operationalizing disciplinary perspective -- Defining the elements of disciplines -- Explaining the importance of integration -- Beginning the research process -- Identifying relevant disciplines -- Developing adequacy in relevant disciplines -- Analyzing the problem and evaluating each insight into it -- Identifying conflicts in insights -- Creating common ground -- Integrating insights and producing an interdisciplinary understanding -- Conclusion : interdisciplinarity for the new century. | |
| 650 | 0 | _aInterdisciplinary research. | |
| 856 | 4 | 1 |
_3Table of contents only _uhttp://www.loc.gov/catdir/toc/ecip087/2007052937.html |
| 906 |
_a7 _bcbc _corignew _d1 _eecip _f20 _gy-gencatlg |
||
| 942 |
_2lcc _cBK _nJE |
||